Central Library OPAC University of Rajshahi

Global strategy / (Record no. 6186)

MARC details
000 -LEADER
fixed length control field 00630nam a22002292a 4500
001 - CONTROL NUMBER
control field 6186
003 - CONTROL NUMBER IDENTIFIER
rucl marc code BD RJUL
005 - DATE AND TIME OF LATEST TRANSACTION
control field 20211208234212.0
008 - FIXED-LENGTH DATA ELEMENTS--GENERAL INFORMATION
fixed length control field 090114s1957 enka 000 0 eng d
035 ## - SYSTEM CONTROL NUMBER
System control number BD RJUL6225
040 ## - CATALOGING SOURCE
Original cataloging agency VTU
Transcribing agency VTU
Modifying agency UKM
-- BD RJUL
Language of cataloging eng
041 ## - LANGUAGE CODE
Language code of text/sound track or separate title eng
082 ## - DEWEY DECIMAL CLASSIFICATION NUMBER
Classification number 355.033
Author mark and year MCG 1957
090 ## - LOCALLY ASSIGNED LC-TYPE CALL NUMBER (OCLC); LOCAL CALL NUMBER (OCLC)
Classification number (OCLC) (R) ; Classification number, CALL (RLIN) (NR) U162
Local cutter number (OCLC) ; Book number/undivided call number, CALL (RLIN) .K49 1957a
100 1# - MAIN ENTRY--PERSONAL NAME
Personal name Kingston-McCloughry, E. J.
Fuller form of name (Edgar James),
Dates associated with a name 1896-
9 (RLIN) 19455
245 10 - TITLE STATEMENT
Title Global strategy /
Statement of responsibility, etc. E. J. Kingston-McCloughry.
260 ## - PUBLICATION, DISTRIBUTION, ETC. (IMPRINT)
Place of publication, distribution, etc. London :
Name of publisher, distributor, etc. Cape,
Date of publication, distribution, etc. 1957.
300 ## - PHYSICAL DESCRIPTION
Pagination 270 p. :
Illustrations ill. ;
Size 21 cm.
650 #0 - SUBJECT ADDED ENTRY--TOPICAL TERM
Topical term or geographic name as entry element Strategy.
9 (RLIN) 19456
942 ## - ADDED ENTRY ELEMENTS (KOHA)
Source of classification or shelving scheme Dewey Decimal Classification
Koha item type Books
Holdings
Lost status Source of classification or shelving scheme Damaged status Not for loan Collection code Permanent Location Current Location Shelving location Date acquired Source of acquisition Cost, normal purchase price Total Checkouts Full call number Date last seen Copy number Koha item type
  Dewey Decimal Classification   Not For Loan Non-fiction Central Library, University of Rajshahi Central Library, University of Rajshahi   01/01/1963 Mirza book 22.50   355.033 MCG 1957 09/01/2014 C-1 Books